| 000 | 00391pab a2200157 454500 | ||
|---|---|---|---|
| 008 | 180718b1998 xxu||||| |||| 00| 0 eng d | ||
| 100 | _aMisra, Shikha | ||
| 245 | _aGender sensitivity and barriers in education - an overview | ||
| 260 | _c1998 | ||
| 300 | _ap.1-4 | ||
| 362 | _aJan | ||
| 650 | _aEducation | ||
| 700 | _aAgarwal, Subhash C. | ||
| 773 | _aUniversity News | ||
| 909 | _a36722 | ||
| 999 |
_c36722 _d36722 |
||